01091cam a2200313 a 450000100090000000300040000900500170001300800410003001000170007101500150008801600190010302000220012203500180014404000250016204200140018705000210020108200170022210000240023924500660026326000690032930000330039844000490043165000430048065000210052370000280054471000410057285600880061385600760070112569065OSt20150408114205.0011025s2003 dcua 000 0 eng d a 2001097390 aGBA3-176477 a088385645x2Uk a088385645X (pbk.) a(DLC)12569065 aUkcUkdUkdNNUdDLC alccopycat00aQA43b.S285 200300a510222bSSM1 aSavchev, Svetoslav.10aMathematical miniatures /cSvetoslav Savchev, Titu Andreescu. aWashington, D.C. :bMathematical Association of America,cc2003. axi, 223 p. :bill. ;c23 cm. 0aAnneli Lax new mathematical library ;vv. 43 0aMathematicsvProblems, exercises, etc. 0aProblem solving.1 aAndreescu, Titu,d1956-2 aMathematical Association of America.423Publisher descriptionuhttp://www.loc.gov/catdir/description/cam041/2001097390.html413Table of contentsuhttp://www.loc.gov/catdir/toc/cam041/2001097390.html